000 00524cab a2200217 4500
001 X763
008 090401t1993 xxu||||| |||| 00| 0 eng d
035 _a(Sirsi) u67358
041 _aeng
100 _aBreach, M.
245 4 _aThe Nottingham Trent University
260 _c1993
350 _a0
490 _aSurveying World
_v1(4) May 1993, 49(1)
650 _aEDUCATION AND STUDY
650 _aNOTTINGHAM TRENT UNIVERSITY
650 _aPROFILE
690 _aLAND SURVEYING
942 _n0
948 _c04/03/1997
999 _c42157
_d42157